1248 1514 1478 1484 1447 1348 1293 1819 1793 1042 1187 1035 1318 1485 1656 1629 1846 1392 1436 1508 1839 1724 1582 1562 1869 1570 1274 1807 1762 1515 1834 1321 1287 1002 1589 1606 1367 1559 1872 1324 1727 1796 1499 1593 1895 1678 1251 1407 1712 1262 1921 1727 1197 1237 1408 1809 1455 1136 1207 1214 1838 1831 1891 1628 1649 1902 1758 1858 1916 1023 1656 1459 1437 1066 1325 1748 1172 1251 1817 1664 1770 1034 1194 1482 1987 1433 1338 1755 1487 1420 1100 1975 1747 1335 1106 1029 1565 1402 1956 BCNSPRNW ULIB Ver.6.0+V

เปลี่ยนเป็นภาษาไทย

Change to English
 แสดงรายละเอียดบรรณานุกรม
  กลับหน้าหลัก

Brief Record : Get Marc (ISO 2709) : E-mail record : QR code < ปิดหน้าต่าง
LEADER : 00000nam 2200000uu 4500
001    13399128592
003     ULIB
008    230912s2563||||th 000 0 tha d
020    ^a9786161118419
060 04 ^aWY160^bก492^cล.2
245 00 ^aการพยาบาลจิตเวชและสุขภาพจิต(ฉบับปรับปรุง)เล่มที่ 2 /^cบรรณาธิการ, ฉวีวรรณ สัตยธรรม
250    ^aพิมพ์ครั้งที่ 3
260    ^aนนทบุรี :^bโครงการสวัสดิการวิชาการ สถาบันพระบรมราชชนก,^c2563
300    ^a304 หน้า :^bภาพประกอบ ; ตาราง ;^c26 ซม.
504    ^aบรรณานุกรม
650  7 ^aการพยาบาลจิตเวชศาสตร์
650  7 ^aสุขภาพจิต^xการพยาบาล
700 0  ^aฉวีวรรณ สัตยธรรม,^eบรรณาธิการ
700 0  ^aแผ จันทร์สุข,^eบรรณาธิการ
700 0  ^aศุกร์ใจ เจริญสุข^eบรรณาธิการ
710 2  ^aกระทรวงสาธารณสุข. ^bสถาบันพระบรมราชชนก.^bโครงการสวัสดิการวิชาการ
945    ^p230^l0^i29804
945    ^p230^l0^i29805
999    ^aกัณชพร จุลอักษร
รายการนี้ยังไม่มีแท็ก
คุณยังไม่ได้ล็อกอิน คุณสามารถมีกิจกรรมร่วมกับเว็บไซต์ได้ แต่ต้องล็อกอินก่อน ::
  ล็อกอิน

รายการสื่อสารสนเทศ

ลำดับที่ ประเภท เลขเรียก/บาร์โค้ด สถานที่ สถานะ
1. หนังสือสำรอง
หนังสือสำรอง
WY160 ก492 ล.2 ฉ.1 
  Barcode: 29804
ห้องสมุดวิทยาเขตนครสวรรค์
►หนังสือทั่วไป:l:General Books
บนชั้น
2. วิทยาศาสตร์การแพทย์ และสุขภาพ
วิทยาศาสตร์การแพทย์ และสุขภาพ
WY160 ก492 ล.2 ฉ.2 
  Barcode: 29805
ห้องสมุดวิทยาเขตนครสวรรค์
►หนังสือทั่วไป:l:General Books
บนชั้น

รายการใกล้เคียง
    หัวเรื่อง [การพยาบาลจิตเวชศาสตร์]

BibComment


ยังไม่เคยถูกคอมเมนท์

คอมเมนท์ทรัพยากรรายการนี้
  คอมเมนท์: การพยาบาลจิตเวชแ..


 Copyright 2026. Bcnsprnw @Library